[Event "US Amateur West-ch"]
[Site "Palo Verde"]
[Date "2003.05.25"]
[Round "3"]
[White "Madenci, Arin"]
[Black "Wilson, Jim"]
[Result "1-0"]
[WhiteElo "2065"]
[BlackElo "1622"]
[PlyCount "95"]
[EventDate "2003.05.24"]
[EventType "swiss"]
[EventRounds "6"]
[EventCountry "USA"]
[SourceTitle "EXT 2014"]
[Source "ChessBase"]
[SourceDate "2013.11.20"]
[SourceVersion "1"]
[SourceVersionDate "2013.11.20"]
[SourceQuality "1"]

1. Nf3 Nf6 2. c4 g6 3. Nc3 Bg7 4. e4 d6 5. d4 0-0 6. Be2 c5 7. d5 e5 8. 0-0 Nh5 9. Bg5 f6 10. Bh4 Bg4 11. Nd2 Bxe2 12. Qxe2 Qe8 13. a3 a6 14. Rab1 Nd7 15. b4 b6 16. bxc5 bxc5 17. Qd1 Qf7 18. Qa4 Rfd8 19. Rb7 g5 20. Bg3 f5 21. f3 f4 22. Bf2 Bf8 23. Rfb1 Qe8 24. Nb3 Nhf6 25. Na5 Rdb8 26. Nc6 Rxb7 27. Rxb7 Qc8 28. Qb3 Kh8 29. Na4 Ng8 30. Na5 Rb8 31. Be1 Rxb7 32. Qxb7 Qxb7 33. Nxb7 Kg7 34. Ba5 Be7 35. Bc7 Nh6 36. Nxd6 Kf6 37. Nb7 Nf7 38. Kf2 h5 39. Nb6 Nxb6 40. Bxb6 Nd6 41. Nxd6 Bxd6 42. Bd8+ Be7 43. Bc7 Bf8 44. Bd8+ Be7 45. Bxe7+ Kxe7 46. h4 Kf6 47. hxg5+ Kxg5 48. Kg1 1-0